ARRUPE JESUIT UNIVERSITY

CORONAVIRUS -STOP THE SPREAD - CLEAN,DISINFECT,COVER

The mystery of love / (Record no. 118069)

MARC details
000 -LEADER
fixed length control field 01346cam a22002894a 4500
001 - CONTROL NUMBER
control field 12426572
003 - CONTROL NUMBER IDENTIFIER
control field ARRUPE
005 - DATE AND TIME OF LATEST TRANSACTION
control field 20130926111622.0
008 - FIXED-LENGTH DATA ELEMENTS--GENERAL INFORMATION
fixed length control field 010530r20012000mau 000 0 eng
010 ## - LIBRARY OF CONGRESS CONTROL NUMBER
LC control number 2001003225
020 ## - INTERNATIONAL STANDARD BOOK NUMBER
International Standard Book Number 1557252807 (pbk.)
040 ## - CATALOGING SOURCE
Original cataloging agency DLC
Transcribing agency DLC
Modifying agency DLC
042 ## - AUTHENTICATION CODE
Authentication code pcc
050 00 - LIBRARY OF CONGRESS CALL NUMBER
Classification number BX2350.3
Item number .H85 2001
300 ## - PHYSICAL DESCRIPTION
Dimensions 21 cm.
100 1# - MAIN ENTRY--PERSONAL NAME
Personal name Hume, Basil,
Dates associated with a name 1923-1999.
9 (RLIN) 1348
245 14 - TITLE STATEMENT
Title The mystery of love /
Statement of responsibility, etc Basil Hume.
260 ## - PUBLICATION, DISTRIBUTION, ETC. (IMPRINT)
Place of publication, distribution, etc Brewster, Mass. :
Name of publisher, distributor, etc Paraclete Press,
Date of publication, distribution, etc 2001.
300 ## - PHYSICAL DESCRIPTION
Extent ix, 85 p. ;
500 ## - GENERAL NOTE
General note Originally published: London : Darton, Longman and Todd, 2000.
505 0# - FORMATTED CONTENTS NOTE
Formatted contents note Mystery -- Faith -- Our Blessed Lady -- Hope -- The mystery of love -- Is there a god? -- Abandonment to God's will -- Humility -- Peace -- Trust -- Prayer -- The sacred heart -- Gratitude -- Mother of God and mother of the Church -- The sound of gentle stillness -- Suffering -- The sacrifice of the Mass -- God's tenderness and mercy -- Life after death.
610 20 - SUBJECT ADDED ENTRY--CORPORATE NAME
Corporate name or jurisdiction name as entry element Catholic Church
General subdivision Doctrines.
9 (RLIN) 1349
650 #0 - SUBJECT ADDED ENTRY--TOPICAL TERM
Topical term or geographic name as entry element Spiritual life
General subdivision Catholic Church.
9 (RLIN) 1350
650 #0 - SUBJECT ADDED ENTRY--TOPICAL TERM
Topical term or geographic name as entry element Love
General subdivision Religious aspects
-- Catholic Church.
9 (RLIN) 1351
906 ## - LOCAL DATA ELEMENT F, LDF (RLIN)
a 7
b cbc
c orignew
d 1
e ecip
f 20
g y-gencatlg
942 ## - ADDED ENTRY ELEMENTS (KOHA)
Source of classification or shelving scheme Library of Congress Classification
Koha item type Monograph ( Printed materials)
Holdings
Withdrawn status Lost status Source of classification or shelving scheme Damaged status Not for loan Home library Current library Shelving location Date acquired Total Checkouts Full call number Barcode Date last seen Price effective from Koha item type
    Library of Congress Classification     ARRUPE LIBRARY ARRUPE LIBRARY Main Collection 26/09/2013   BX2350.3 .H85 2001 46410053 22/11/2017 26/09/2013 Monograph ( Printed materials)

 

Arrupe Library. PO Box MP320 Mt Pleasant, Harare, Zimbabwe
263 242 745411|librarian@aju.ac.zw